Modern technology of soaps, detergents and toiletries : (Record no. 131998)

MARC details
000 -LEADER
fixed length control field 00751nam a22002177a 4500
005 - DATE AND TIME OF LATEST TRANSACTION
control field 20181113172212.0
010 ## - LCCN (DPL NO)
LC control number A-992083 , B-201440
020 ## - INTERNATIONAL STANDARD BOOK NUMBER
Terms of availability 475.00
International Standard Book Number 8186623450
035 ## - SYSTEM CONTROL NUMBER
System control number A-992083, A-992087,B-201440
037 ## - SOURCE OF ACQUISITION
Source of stock number/acquisition Cen Lib/Ret
082 ## - DEWEY DECIMAL CLASSIFICATION NUMBER
Classification number 668.12
Item number CHA
100 ## - MAIN ENTRY--PERSONAL NAME
Personal name Chattopadhyay, P. K.
245 ## - TITLE STATEMENT
Title Modern technology of soaps, detergents and toiletries :
Statement of responsibility, etc by P. K. Chattopadhyay
Remainder of title with formulae and project profiles /
260 ## - PUBLICATION, DISTRIBUTION, ETC. (IMPRINT)
Name of publisher, distributor, etc National Institute of Industrial Research
Place of publication, distribution, etc Delhi
270 ## - ADDRESS
City Delhi
Address 106-E, Kamla Nagar
Postal code 110007
300 ## - PHYSICAL DESCRIPTION
Extent xiv,395p. :
Dimensions 22cm(Hb)
Other physical details ill.
650 ## - SUBJECT ADDED ENTRY--TOPICAL TERM
Topical term or geographic name as entry element Technology
650 ## - SUBJECT ADDED ENTRY--TOPICAL TERM
Topical term or geographic name as entry element Quality management
942 ## - ADDED ENTRY ELEMENTS (KOHA)
Source of classification or shelving scheme Dewey Decimal Classification
Item type English Books
Classification part 668.14
Call number suffix CHA
Holdings
Withdrawn status Lost status Not for loan Home library Current library Date acquired Source of acquisition Cost, normal purchase price Full call number Barcode Copy number Cost, replacement price Koha item type Collection code
      Central Library Central Library 16/07/2015 Cen Lib/Ret 475.00 668.12 CHA A-992083 1 475.00 English Books  
      R.C.Libraries (zls) R.C.Libraries (zls) 13/11/2018   575.00 668.14 CHA B-201440 1 575.00 English Books Non-fiction
      Shahdara Branch Shahdara Branch 25/06/2018 BPPD/PUB 475.00 668.12 CHA A-992087   475.00 English Books Non-fiction

© Delhi Public Library
Hit Counter
free hit counter